000
00340nam a2200145Ia 4500
008
150201s2001 xx 000 0 und d
082
_a
617.64
_b
O2001R
100
_a
RANI,M.S.
245
_a
TEXT BOOK OF ORTHODONTICS
250
_a
3RD
260
_b
AIPD
_a
CHENNAI
_c
2001
300
_a
1-376
650
_a
ORTHODONTICS
942
_2
ddc
_c
BK
_0
14
999
_c
2692
_d
2692